Working with statistics : an introduction to quantitative methods for social scientists

Αποθηκεύτηκε σε:
Λεπτομέρειες βιβλιογραφικής εγγραφής
Κύριος συγγραφέας: Reid, Stuart
Μορφή: Βιβλίο
Γλώσσα:English
Δημοσίευση: Cambridge : Polity, 1987
Θέματα:
Ετικέτες: Προσθήκη ετικέτας
Δεν υπάρχουν, Καταχωρήστε ετικέτα πρώτοι!

MARC

LEADER 00000nam a2200000 i 4500
001 1/39174
008 960329s1987 eng d
020 |a 0745600484 
035 |l 10024996 
040 |a GR-MY-UA  |b gre  |e aacr 
041 0 |a eng 
082 0 |a 300.28 
100 1 |a Reid, Stuart. 
245 1 0 |a Working with statistics :  |b an introduction to quantitative methods for social scientists /  |c Stuart Reid 
260 |a Cambridge :   |b Polity,   |c 1987 
300 |a 183 p. 
650 0 0 |a Social sciences  |x Statistical methods. 
852 |a INST  |b CHIOS  |e 19960329  |h 300.28 REI  |p 005200006614  |q 005200006614  |t BK  |y 0 
909 |a Χ  |b 010680